| 000 | 00558nam a2200169 i 4500 | ||
|---|---|---|---|
| 001 | 110920 | ||
| 003 | ES-MaACL | ||
| 005 | 20230906185213.0 | ||
| 007 | t| | ||
| 008 | 061121s1958 mx |||| | spa d | ||
| 110 | 2 |
_aNaciones Unidas. _95955 |
|
| 245 | 1 | 0 |
_aManual de desarrollo económico / _cestudio preparado por el Programa CEPAL/AAT de capacitación en materia de desarrollo económico. |
| 260 |
_aMéxico : _bNaciones Unidas, _c1958. |
||
| 300 |
_a264 p. : _bil ; _c27 cm. |
||
| 650 | 4 |
_aDesarrollo económico. _9153584 |
|
| 852 |
_aES-MaACL _jC-19465 |
||
| 999 |
_c110920 _d110920 |
||